01556 a2200217 45000010006000000050017000060080041000230030015000640400040000790800049001192450071001680200022002392500012002612640034002733000024003075050861003310410008011921000021012007000022012218560095012434232820260407155713.0260407a2013 arg spa dAR-UNSa-BCEJYS aAR-UNSa-BCEJYSbspacAR-UNSa-BCEJYS a336.226.4:624xImpuestos a la construcción10aConstrucciónpIVA, ganancias, ITI, ingresos brutos, fideicomisos a978-987-01-1566-3 a3a. ed. 1aBuenos Aires :bErreparc2013 axxi, 440 p.c27 cm. a1. Terminología de la construcción - 2. Obras sobre inmueble propio. Objeto y sujeto - 3. Obras sobre inmueble propio. Nacimiento del hecho imponible y base imponible - 4. Obras sobre inmuebles de terceros - 5. La reducción de la tasa para viviendas - 6. Exenciones - 7. El IVA y los alquileres de inmuebles - 8. Operaciones con inmuebles en el impuesto a las ganancias y en el ITI - 9. Impuesto a las ganancias. Construcciones, reconstrucciones y reparaciones para terceros - 10. Impuesto a la ganancia mínima presunta - 11. Ciuddad Autónoma de Buenos Aires - 12. Provincia de Buenos Aires - 13. Provincia de Córdoba - 14. Provincia de Santa Fe - 15. Provincia de Mendoza - 16. Convenio multilateral - 17. Regímenes de información - 18. Misceláneas. Otros temas que requieren atención - 19. Práctica de inspección - 20. Fideicomiso aspa1 aBalán, Osvaldo1 aZilli, Osvaldo M.41uhttps://biblioeco.unsa.edu.ar/pmb/images/libros/L126495.jpgyImagen de portadaqimage/jpeg